Central Library OPAC University of Rajshahi

الرسالة التدمرية / # # al-Risālah al-Tadmurīyah / (Record no. 80696)

MARC details
000 -LEADER
fixed length control field 00909nam a2200193 a 4500
003 - CONTROL NUMBER IDENTIFIER
rucl marc code BD-RjUL
005 - DATE AND TIME OF LATEST TRANSACTION
control field 20221103100928.0
008 - FIXED-LENGTH DATA ELEMENTS--GENERAL INFORMATION
fixed length control field 221105s1949 ua 000 0 ara d
035 ## - SYSTEM CONTROL NUMBER
System control number (CStRLIN)UWON02-B2262
040 ## - CATALOGING SOURCE
Original cataloging agency NjP
Transcribing agency NjP
Modifying agency MH
-- CStRLIN
-- CtY
-- UkOxU
Language of cataloging eng
041 ## - LANGUAGE CODE
Language code of text/sound track or separate title eng
082 ## - DEWEY DECIMAL CLASSIFICATION NUMBER
Edition number 23
Classification number 297.211
Author mark and year IBR 1949
100 1# - MAIN ENTRY--PERSONAL NAME
Personal name ابن تيمية، أحمد بن عبد الحليم. # # Ibn Taymīyah, Aḥmad ibn ʿAbd al-Ḥalīm,
Dates associated with a name 1263-1328
9 (RLIN) 5676
245 13 - TITLE STATEMENT
Title الرسالة التدمرية / # # al-Risālah al-Tadmurīyah /
Statement of responsibility, etc. تأليف ابن تيمية ؛ صححه وقدم له محمد زهري النجار. # # taʼlīf Ibn Taymīyah ; ṣaḥḥaḥahu wa-qaddama la-hu Muḥammad Zuhrī al-Najjār.
260 ## - PUBLICATION, DISTRIBUTION, ETC. (IMPRINT)
Place of publication, distribution, etc. مصر : Miṣr :
Name of publisher, distributor, etc. مطبعة الإمام، Maṭbaʿat al-Imām,
Date of publication, distribution, etc. 1949.
300 ## - PHYSICAL DESCRIPTION
Pagination 226 p. ;
Size 23 cm.
650 #0 - SUBJECT ADDED ENTRY--TOPICAL TERM
Topical term or geographic name as entry element God (Islam)
General subdivision Attributes.
9 (RLIN) 5677
942 ## - ADDED ENTRY ELEMENTS (KOHA)
Source of classification or shelving scheme Dewey Decimal Classification
Koha item type Books
Holdings
Lost status Source of classification or shelving scheme Damaged status Not for loan Collection code Permanent Location Current Location Shelving location Date acquired Source of acquisition Cost, normal purchase price Total Checkouts Full call number Date last seen Copy number Koha item type
  Dewey Decimal Classification   Not For Loan Non-fiction Central Library, University of Rajshahi Central Library, University of Rajshahi Reading Room 05/05/1967 maktabat i ishaqiah 5.00   A 297.211 IBR 1949 03/11/2022 C-1 Books